MARC

LEADER 00000nam0a2200000 4500
001 324622
005 20231102003703.0
035 |a (RuTPU)RU\TPU\book\350220 
035 |a RU\TPU\book\34855 
090 |a 324622 
100 |a 20161118d1951 m y0rusy50 ca 
101 0 |a rus 
102 |a RU 
105 |a a j 001zy 
200 1 |a Курс магниторазведки  |e учебник для вузов  |f А. А. Логачев 
210 |a Москва  |c Госгеолиздат  |d 1951 
215 |a 306 с.  |c ил. 
320 |a Библиогр.: с. 302-303 
606 1 |a Магниторазведка скважинная  |2 stltpush  |3 (RuTPU)RU\TPU\subj\40878  |9 60708 
610 1 |a геомагнитное поле 
610 1 |a измерение 
610 1 |a магнитометры 
610 1 |a аэромагнитометры 
610 1 |a горные породы 
610 1 |a руды 
610 1 |a магнитные свойства 
610 1 |a магнитное поле 
610 1 |a напряженность 
610 1 |a железорудные месторождения 
610 1 |a поиски 
610 1 |a разведка 
610 1 |a геологическое картирование 
610 1 |a учебники 
675 |a 550.832.8(075.8))  |v 4 
700 1 |a Логачев  |b А. А.  |g Александр Андреевич 
801 0 |a RU  |b 63413507  |c 20011210  |g PSBO 
801 2 |a RU  |b 63413507  |c 20201202  |g PSBO 
900 |a Магниторазведка 
942 |c BK